Szczegóły MARC
| 000 -Nagłówek |
| fixed length control field |
02020cam a2200469 i 4500 |
| 001 - Nr kontrolny bibl., która utworzyła rek. |
| control field |
zz2004924405 |
| 003 - Siglum bibl., której nr kontr. jest w 001 |
| control field |
NUKAT |
| 005 - Data i czas ostatniej operacji |
| control field |
20260428202720.0 |
| 008 - Elementy pola stałej długości |
| fixed length control field |
040722s1932 pl l |001 0 pol c |
| 035 ## - Systemowy numer kontrolny |
| systemowy numer kontrolny |
(OCoLC)749437001 |
| 035 ## - Systemowy numer kontrolny |
| systemowy numer kontrolny |
(NUKAT)zz2004924405 |
| 040 ## - Instytucja sporządzająca opis |
| Instytucja, która sporządziła opis |
TOR U/AP |
| język katalgowania-trzyzn. kod |
pol |
| zasady opisu |
rda |
| Instytucja, która sporządziła rekord |
TOR U/AP |
| Instytucja, która zmodyfikowała rekord |
TOR U/AP |
| -- |
WR O/AKs |
| -- |
KR U/mal |
| -- |
WA U/DK |
| -- |
KR 048/RW |
| 041 0# - Kod nazwy języka dokumentu |
| Język tekstu |
pol |
| -- |
lat |
| 099 ## - Dowolny opis lokalny sygnatury |
| symbol klasyfikacji |
hh_390687 |
| 245 00 - Tytuł właściwy i oznaczenie odpow. |
| tytuł |
Akta sejmikowe województwa krakowskiego. |
| numer części/sekcji pracy |
T. 1, |
| tytuł części/sekcji pracy |
1572-1620 / |
| dod. inf. ze s. tyt./ozn. odpow. |
wydał Stanisław Kutrzeba ; Polska Akademja Umiejętności. |
| 246 30 - Inne formy tytułu, wariant tytułu |
| tytuł |
1572-1620 |
| 260 ## - Adres wydawniczy |
| miejsce wydania, dystrybucji itp. |
Kraków : |
| nazwa wydawcy, dystrybutora itp. |
nakładem Polskiej Akademji Umiejętności ; |
| miejsce wydania, dystrybucji itp. |
Skład Główny w Księgarniach Gebethnera i Wolfa, |
| data wydania, dystrybucji itp. |
1932. |
| 300 ## - Opis fizyczny |
| objętość i/lub forma materiału |
XIX, [1], 505, [1] strona : |
| inne szczegóły opisu fizycznego |
errata ; |
| format |
30 cm. |
| 336 ## - Content Type |
| Term |
Tekst |
| Code |
txt |
| Source |
rdacontent |
| 337 ## - Media Type |
| Term |
Bez urządzenia pośredniczącego |
| Code |
n |
| Source |
rdamedia |
| 338 ## - Carrier Type |
| Term |
Wolumin |
| Code |
nc |
| Source |
rdacarrier |
| 380 ## - Form of work |
| Form of work |
Książki |
| 504 ## - Uwaga o bibliografii |
| uwaga o bibliografii |
Indeksy. |
| 510 4# - Uwaga o cytowaniu lub źródłach opisu bibliogr. |
| nazwa źródła |
BP 1901-1939, |
| lokaliz. opracowania w źródle |
t. 1, poz. 1571 |
| 530 ## - Uwaga o dod. formie fiz. materiału |
| uwaga o dodatkowej fizycznej formie dokumentu |
Dostępne również w formie elektronicznej. |
| 546 ## - Uwaga o języku opisywanego materiału |
| uwaga o języku |
Tekst częściowo w jezyku francuskim. |
| 648 #7 - SUBJECT ADDED ENTRY--CHRONOLOGICAL TERM |
| Chronological term |
1501-1600 |
| Source of heading or term |
DBN |
| 9 (RLIN) |
36032 |
| 648 #7 - SUBJECT ADDED ENTRY--CHRONOLOGICAL TERM |
| Chronological term |
1601-1700 |
| Source of heading or term |
DBN |
| 9 (RLIN) |
36034 |
| 650 #7 - Hasło przedmiotowe-nazwa pospolita |
| nazwa pospolita lub geogr. |
Sejmiki (przedrozbiorowe) |
| źródło hasła |
DBN |
| 9 (RLIN) |
38394 |
| 650 #4 - Hasło przedmiotowe-nazwa pospolita |
| nazwa pospolita lub geogr. |
Sejmiki szlacheckie |
| określnik chronologiczny |
16 w. |
| określnik formy |
źródła. |
| źródło hasła |
kaba |
| 9 (RLIN) |
14947 |
| 650 #7 - Hasło przedmiotowe-nazwa pospolita |
| nazwa pospolita lub geogr. |
Sejmiki szlacheckie |
| określnik chronologiczny |
17 w. |
| określnik formy |
źródła. |
| źródło hasła |
kaba |
| 9 (RLIN) |
40836 |
| 651 #7 - Hasło przedmiotowe-nazwa geogr. |
| nazwa geograficzna |
Kraków (woj. małopolskie ; okolice) |
| źródło hasła |
DBN |
| 9 (RLIN) |
40837 |
| 651 #7 - Hasło przedmiotowe-nazwa geogr. |
| nazwa geograficzna |
Kraków (Polska ; region) |
| określnik rzeczowy |
polityka i rządy |
| określnik chronologiczny |
16 w. |
| określnik formy |
źródła. |
| źródło hasła |
kaba |
| 9 (RLIN) |
40838 |
| 651 #7 - Hasło przedmiotowe-nazwa geogr. |
| nazwa geograficzna |
Kraków (Polska ; region) |
| określnik rzeczowy |
polityka i rządy |
| określnik chronologiczny |
17 w. |
| określnik formy |
źródła. |
| źródło hasła |
kaba |
| 9 (RLIN) |
40839 |
| 658 ## - Nazwa określająca cel programu nauczania |
| główny cel programu nauczania |
Historia |
| 658 ## - Nazwa określająca cel programu nauczania |
| główny cel programu nauczania |
Polityka, politologia, administracja publiczna |
| 700 1# - Hasło dodatkowe - nazwa osobowa |
| nazwa osobowa |
Kutrzeba, Stanisław |
| daty biograficzne |
(1876-1946). |
| rodzaj współpracy |
Wydawca |
| -- |
Redakcja |
| 9 (RLIN) |
1262 |
| 710 2# - Hasło dodatkowe - nazwa ciała zbior. |
| nazwa ciała zbior. lub nazwa geogr. |
Polska Akademia Umiejętności (1919-1952). |
| rodzaj współpracy |
Wydawca |
| kod rodzaju współpracy |
pbl |
| 9 (RLIN) |
1634 |
| 710 2# - Hasło dodatkowe - nazwa ciała zbior. |
| nazwa ciała zbior. lub nazwa geogr. |
Gebethner i Wolff. |
| rodzaj współpracy |
Dystrybucja |
| kod rodzaju współpracy |
dst |
| 9 (RLIN) |
1246 |
| 856 41 - Elektroniczne źródła danych i spos. dost. |
| URL (Uniform Resource Locator) |
<a href="https://crispa.uw.edu.pl/object/files/100463">https://crispa.uw.edu.pl/object/files/100463</a> |
| 942 ## - ADDED ENTRY ELEMENTS (KOHA) |
| Source of classification or shelving scheme |
Dewey Decimal Classification |
| Koha item type |
pozycje dostępne na miejscu |